000 00493nam a2200193 a 4500
001 1774864617694
003 YourLibrary
005 20260330153039.0
008 260330s2004##################000#0#eng##
020 _a9780754623977
082 0 4 _a340.1
_bTON
100 1 _aTontti, Jarkko,
_eauthor.
245 1 0 _aRight and Prejudice :
260 _bAshgate Pub Limited,
_c2004.
300 _a204 pages
650 0 _aPhilosophy.
942 _cENGLISH
040 _aYourLibrary
_beng
_cYourLibrary
999 _c618368
_d618368